| 000 | 00594nam a2200133Ia 4500 | ||
|---|---|---|---|
| 008 | 160809s9999 xx 000 0 und d | ||
| 100 | _aPearson, Mary. | ||
| 245 | _aJOB ATTITUDES OF SPECIAL EDUCATORS RELATED TO INCLUSION OF STUDENTS WITH SIGNIFICANT DISABILITIES | ||
| 245 | _cMary Pearson University of Central Arkansas Beth Clavenna-Deane Kayla Supon Carter University of Kansass. | ||
| 260 | _bInternational Journal of Special Education | ||
| 260 | _c2015 | ||
| 650 | _xSPECIAL EDUCATION | ||
| 856 | _uhttp://www.internationaljournalofspecialed.com/docs/IJSE%20ENTIRE%20ISSUE%2030%202.pdf | ||
| 999 |
_c300252 _d300252 |
||